000 00666nam a2200217Ia 4500
003 BUBTL
008 151213s9999 xx 000 0 und d
020 _a8178083310
082 _a658.1512/ K1412a/ 1998
100 _aKaplan, Robert S.
_93399
245 _aAdvanced Management Accounting :
_cRobert S. Kaplan & Anthony A. Atkinson
250 _a3rd
260 _aDelhi
_bPearson Education Asia
_cc1998
300 _a[xviii], 798p. :
_bill. ;23cm.
500 _aIncludes Index
650 _aAccounting
_93400
700 _aRobert S. Kaplan & Anthony A. Atkinson
_93399
856 _k0
_l0
_yDownload
942 _2ddc
_cBK
999 _c1191
_d1191